An introduction to copulas
Αποθηκεύτηκε σε:
| Κύριος συγγραφέας: | |
|---|---|
| Μορφή: | Βιβλίο |
| Γλώσσα: | English |
| Δημοσίευση: |
New York :
Springer,
c2006
|
| Έκδοση: | 2nd ed. |
| Σειρά: | Springer series in statistics
|
| Θέματα: | |
| Ετικέτες: |
Προσθήκη ετικέτας
Δεν υπάρχουν, Καταχωρήστε ετικέτα πρώτοι!
|
MARC
| LEADER | 00000nam a2200000 i 4500 | ||
|---|---|---|---|
| 001 | 1/53454 | ||
| 008 | 070831s2006 eng d | ||
| 020 | |a 978-0387-28659-4 | ||
| 020 | |a 0-387-28659-4 | ||
| 035 | |l 10090290 | ||
| 040 | |a GR-MY-UA |b gre |e aacr | ||
| 041 | 0 | |a eng | |
| 082 | 0 | |a 519.535 |2 (22) | |
| 100 | 1 | |a Nelsen, Roger B. | |
| 245 | 1 | 3 | |a An introduction to copulas / |c Roger B. Nelsen |
| 250 | |a 2nd ed. | ||
| 260 | |a New York : |b Springer, |c c2006 | ||
| 300 | |a xiii, 269 σ.; |b εικ.; |c 25 εκ. | ||
| 490 | 1 | |a Springer series in statistics | |
| 504 | |a Περιλαμβάνει βιβλιογραφικές παραπομπές (σ. [251]-261) και ευρετήριο. | ||
| 650 | 0 | 0 | |a Copulas (Mathematical statistics) |
| 830 | 0 | |a Springer series in statistics | |
| 852 | |a INST |b SAMOS |e 20070831 |h 519.535 NEL |p 005300028361 |q 005300028361 |t BK |y 0 | ||
| 901 | |a BIBL3-2007-2 | ||
| 909 | |a Σ |b 137965 | ||
| 922 | |a 3ΕΛΗ |b 200707 |c ΕΠΕΑΕΚ2/ΤΣΑΕ |d ΕΛΕΥΘΕΡΟΥΔΑΚΗΣ | ||
| 970 | |a ΣΙΤΖΙΜΗ |b ΓΙΑΣΕΜΗ |z 2007/08/31 | ||